| 000 | 00557cam a2200229 4500 | ||
|---|---|---|---|
| 001 | J83252 | ||
| 008 | 090401t1997 xxu||||| |||| 00| 0 eng d | ||
| 035 | _a(Sirsi) u77624 | ||
| 041 | _aeng | ||
| 050 | _a333.335 | ||
| 110 |
_aSavills _92020 |
||
| 245 | _aSavills agricultural research briefing. - No. 8 (February 1997) | ||
| 260 |
_aLondon _bSavills _c1997 |
||
| 300 | _a(4)p. ; 30cm. | ||
| 350 | _a0 | ||
| 650 | _aFARM INCOMES | ||
| 650 | _aFARM LAND | ||
| 650 | _aLAND PRICES | ||
| 690 | _aRURAL PRACTICE | ||
| 942 | _n0 | ||
| 948 | _c07/04/1997 | ||
| 999 |
_c96331 _d96331 |
||